Tăng trưởng và khả năng chống oxy hóa của Dunaliella salina dưới điều kiện ức chế ánh sáng /

Guardado en:
Detalles Bibliográficos
Autor principal: Võ Hồng Trung.
Otros Autores: Bùi Văn Lệ.
Formato: Artículo
Lenguaje:Vietnamese
Materias:
Etiquetas: Agregar Etiqueta
Sin Etiquetas, Sea el primero en etiquetar este registro!
Thư viện lưu trữ: Thư viện Trường Đại học Đà Lạt
LEADER 00974nam a2200277 4500
001 DLU190000068
005 ##20190918
040 # # |a DLU  |b vie 
041 # # |a vie 
044 # # |a vn 
100 # # |a Võ Hồng Trung. 
245 # # |a Tăng trưởng và khả năng chống oxy hóa của Dunaliella salina dưới điều kiện ức chế ánh sáng /  |c Võ Hồng Trung, Bùi Văn Lệ. 
653 # # |a Carotenoid 
653 # # |a Dunaliella 
653 # # |a Dunaliella salina 
653 # # |a Phenolic tổng và khả năng chống oxy hóa 
700 # # |a Bùi Văn Lệ. 
773 # # |t Tạp chí Khoa học Đại học Sư phạm TP. Hồ Chí Minh: Khoa học tự nhiên và công nghệ  |g Số 6, 2018, tr. 179-190 
920 # # |a Phòng Tạp chí -- Trung tâm Thông tin - Thư viện Trường Đại học Đà Lạt 
900 # # |a True 
911 # # |a Hoàng Thị Huyền 
925 # # |a G 
926 # # |a A 
927 # # |a BB 
980 # # |a Thư viện Trường Đại học Đà Lạt